| 000 | 00900nam a2200265 i 4500 | ||
|---|---|---|---|
| 001 | 51964 | ||
| 003 | ES-MaACL | ||
| 005 | 20250804062558.0 | ||
| 007 | t| | ||
| 008 | 030821s1973 sp |||| | spa d | ||
| 020 | _a84-206-1446-7 | ||
| 080 | _a008(100) | ||
| 100 | 1 |
_aChilde, V. Gordon. _938514 |
|
| 245 | 1 | 3 |
_aLa evolución social / _cV. Gordon Childe ; [traductor, María Rosa de Madariaga ; revisión, M. Contreras]. |
| 260 |
_aMadrid : _bAlianza Editorial, _c[1973] |
||
| 300 |
_a199 p. ; _c18 cm. |
||
| 490 | 1 |
_aEl libro de bolsillo. _aHumanidades ; _v446 |
|
| 650 | 0 | 4 |
_aSociedad primitiva. _917177 |
| 700 | 1 |
_aMadariaga, María Rosa de. _975290 |
|
| 700 | 1 |
_aContreras, M. _940310 |
|
| 830 | 0 | 3 |
_aEl libro de bolsillo. _pHumanidades _v446 _9178672 |
| 852 |
_aES-MaACL _jC-53084 |
||
| 852 |
_aES-MaACL _jL-30684 _z. - Donat. Miguel A. Velasco |
||
| 999 |
_c51964 _d51964 |
||